[Event "Central America & Caribbean U18"]
[Site "Merida"]
[Date "2018.05.02"]
[Round "8"]
[White "Chacon Mejia, Gabriel Alejandro"]
[Black "Torres Cueto, Jesus Marcial"]
[Result "0-1"]
[WhiteElo "1964"]
[BlackElo "2017"]
[PlyCount "58"]
[EventDate "2018.04.28"]
[EventType "swiss"]
[EventRounds "9"]
[EventCountry "VEN"]
[SourceTitle "EXT 2021"]
[Source "ChessBase"]
[SourceDate "2020.10.23"]
[SourceVersion "1"]
[SourceVersionDate "2020.10.23"]
[SourceQuality "1"]

1. c4 Nf6 2. g3 g6 3. Bg2 Bg7 4. Nc3 d6 5. Nf3 0-0 6. 0-0 e5 7. d3 Nc6 8. Rb1 h6 9. b4 Nh7 10. Nd5 f5 11. b5 Ne7 12. Nh4 Kf7 13. Nxe7 Qxe7 14. Bd5+ Kf6 15. f4 Qe8 16. fxe5+ dxe5 17. Bg2 Kf7 18. e4 Kg8 19. Ba3 Rf6 20. exf5 gxf5 21. Bd5+ Kh8 22. Qf3 c6 23. bxc6 bxc6 24. Rbe1 Ng5 25. Qg2 cxd5 26. Qxd5 Be6 27. Qg2 Bd7 28. Rxe5 Qxe5 29. Qxa8+ Kh7 0-1

[Event "Central America & Caribbean U18"]
[Site "Merida"]
[Date "2018.04.29"]
[Round "4"]
[White "Medina Diaz, Rafael Alejandro"]
[Black "Chacon Mejia, Gabriel Alejandro"]
[Result "1-0"]
[WhiteElo "2307"]
[BlackElo "1964"]
[PlyCount "91"]
[EventDate "2018.04.28"]
[EventType "swiss"]
[EventRounds "9"]
[EventCountry "VEN"]
[SourceTitle "EXT 2021"]
[Source "ChessBase"]
[SourceDate "2020.10.23"]
[SourceVersion "1"]
[SourceVersionDate "2020.10.23"]
[SourceQuality "1"]

1. e4 c5 2. Nf3 d6 3. d4 cxd4 4. Nxd4 Nf6 5. Nc3 a6 6. g3 e5 7. Nde2 Be6 8. Bg2 Be7 9. 0-0 0-0 10. a4 Nbd7 11. h3 Rc8 12. g4 Bc4 13. Re1 Ne8 14. Ng3 Bg5 15. Nf5 Rc6 16. Bd2 Kh8 17. Ne3 Bxe3 18. Bxe3 Rg8 19. Qd2 Nf8 20. f4 f6 21. a5 g5 22. f5 Qc8 23. Na4 Nd7 24. b3 Bb5 25. c4 Bxa4 26. Rxa4 Nc5 27. Ra3 Rg7 28. b4 Nd7 29. Bf1 h5 30. Bf2 hxg4 31. hxg4 Rh7 32. Ree3 Rc7 33. Rh3 Nb8 34. Bb6 Rce7 35. Qd5 Nc6 36. b5 Nb8 37. c5 dxc5 38. Bc4 Nc7 39. Qd6 Qf8 40. Bxc7 axb5 41. Bd8 Ref7 42. Qxf8+ Rxf8 43. Be7 bxc4 44. Bxf8 Nc6 45. Rxh7+ Kxh7 46. Bxc5 1-0

[Event "San Cristobal op 3rd"]
[Site "San Cristobal"]
[Date "2016.11.12"]
[Round "5"]
[White "Cubides, Anthonny Jesus"]
[Black "Chacon Mejia, Gabriel Alejandro"]
[Result "1/2-1/2"]
[WhiteElo "1959"]
[BlackElo "1803"]
[PlyCount "42"]
[EventDate "2016.11.10"]
[EventType "swiss"]
[EventRounds "7"]
[EventCountry "VEN"]
[SourceTitle "EXT 2018"]
[Source "ChessBase"]
[SourceDate "2017.10.13"]
[SourceVersion "1"]
[SourceVersionDate "2017.10.13"]
[SourceQuality "1"]

1. d4 Nf6 2. c4 e6 3. Nf3 b6 4. g3 Bb7 5. Bg2 Bb4+ 6. Bd2 Bxd2+ 7. Nbxd2 0-0 8. 0-0 d5 9. b3 Nbd7 10. h4 Rc8 11. e4 Nxe4 12. Nxe4 dxe4 13. Ng5 Nf6 14. Re1 h6 15. Nxe4 Bxe4 16. Bxe4 Nxe4 17. Rxe4 Qd6 18. Qe2 Rfd8 19. Rd1 Rd7 20. Qc2 Rcd8 21. Rde1 c6 1/2-1/2

[Event "VEN-ch U16 3rd"]
[Site "San Antonio"]
[Date "2016.04.01"]
[Round "2.3"]
[White "Chacon Mejia, Gabriel Alejandro"]
[Black "Salazar Olchowski, Gabriel Anton"]
[Result "1/2-1/2"]
[WhiteElo "1795"]
[BlackElo "1801"]
[PlyCount "54"]
[EventDate "2016.04.01"]
[EventType "swiss"]
[EventRounds "7"]
[EventCountry "VEN"]
[SourceTitle "EXT 2022"]
[Source "ChessBase"]
[SourceDate "2021.10.06"]
[SourceVersion "1"]
[SourceVersionDate "2021.10.06"]
[SourceQuality "1"]

1. e4 g6 2. d4 Bg7 3. Nf3 d6 4. Bc4 Nf6 5. Nc3 0-0 6. 0-0 Nxe4 7. Nxe4 d5 8. Bxd5 Qxd5 9. Re1 Bg4 10. c3 e5 11. h3 Bf5 12. Ng3 e4 13. Nxf5 gxf5 14. Nh4 Nc6 15. Qh5 Ne7 16. Re3 Rad8 17. Rg3 f4 18. Rg5 Qd6 19. Nf5 Nxf5 20. Rxf5 Qg6 21. Bxf4 Qxh5 22. Rxh5 c6 23. Re1 Rd5 24. Rxd5 cxd5 25. Kf1 Re8 26. Ke2 Re6 27. Kd2 b5 1/2-1/2

[Event "Fuerza Aurinegra op 1st"]
[Site "San Cristobal"]
[Date "2015.11.12"]
[Round "3"]
[White "Moreno Contreras, Jose Urbano"]
[Black "Chacon Mejia, Gabriel Alejandro"]
[Result "1/2-1/2"]
[WhiteElo "1868"]
[BlackElo "1712"]
[PlyCount "92"]
[EventDate "2015.11.11"]
[EventType "swiss"]
[EventRounds "7"]
[EventCountry "VEN"]
[SourceTitle "EXT 2018"]
[Source "ChessBase"]
[SourceDate "2017.10.13"]
[SourceVersion "1"]
[SourceVersionDate "2017.10.13"]
[SourceQuality "1"]

1. e4 c5 2. Nf3 d6 3. d4 cxd4 4. Nxd4 Nf6 5. Nc3 a6 6. h3 e6 7. g4 Qc7 8. Bg2 h6 9. 0-0 Nc6 10. Nde2 b5 11. Ng3 Bb7 12. b3 Ne5 13. Bb2 Be7 14. Nce2 0-0 15. Nd4 d5 16. f4 Nc6 17. e5 Nd7 18. Nf3 f6 19. exf6 Bxf6 20. Bxf6 Nxf6 21. Qe1 Rfe8 22. g5 Nd7 23. Nh5 g6 24. gxh6 Re7 25. h7+ Kh8 26. Nh4 gxh5 27. Ng6+ Kxh7 28. Nxe7 Nxe7 29. Qh4 Nf5 30. Qxh5+ Nh6 31. f5 Qb6+ 32. Kh1 exf5 33. Rae1 Qf6 34. Rxf5 Qxf5 35. Re7+ Kg8 36. Qxh6 Qf6 37. Qh7+ Kf8 38. Rxd7 Bc6 39. Rf7+ Qxf7 40. Qh6+ Qg7 41. Qd6+ Qe7 42. Qh6+ Qg7 43. Qd6+ Qe7 44. Qh6+ Qg7 45. Qd6+ Qe7 46. Qh6+ Qg7 1/2-1/2